000 02256cam a2200637 a 4500
001 22001
003 VRT
005 20260317144719.0
008 240313s2011 xo a j 000 j slo
015 _aSNBA2011/11-05750
020 _a9788080895648
_q(viaz.)
039 9 _a202403131614
_bVLOAD
_c201206060733
_dmsnk24
_c201202081428
_dmkpoh04
_c201201261210
_dmsnk36
040 _aPPPK
_bslo
_cPPPK
_dSVKBB
_dSNK
_eAACR2
041 1 _aslo
_hger
044 _axo
_cSK
072 7 _a821.112.2-3
_xNemecká próza, nemecky písaná
_2konspekt
072 7 _a821-93
_xLiteratúra pre deti a mládež (beletria)
_2konspekt
080 _a821.112.2(436)-32
_22001
080 _a821-93
_22001
100 1 _aBrezina, Thomas,
_d1963-
_4aut
240 1 0 _aKicherhexen - Club, volume 1: 1,2,3, es beginnt die Hexerei!
_lSlovensky
245 1 0 _aKlub čarodejníc
_n[1]
_pČary sa začínajú!
_cThomas C. Brezina ; ilustrovala Betina Gotzenová-Beeková ; [z nemeckého originálu preložila Agáta Chrenovská]
246 3 0 _aČary sa začínajú!
250 _a1. vyd.
260 _aBratislava
_bFragment
_c2011
300 _a119 s.
_bilustr.
_c19 cm
490 1 _aChalanom stále vstup zakázaný!
521 1 _aPre čitateľov od 9 rokov
655 7 _arakúske príbehy
_2SNKPH
655 7 _apublikácie pre deti
_2SNKPH
655 7 _aAustrian stories
_2SNKPHeng
655 7 _aChildren's literature
_2SNKPHeng
700 1 _aGotzen-Beek, Betina,
_d1965-
_4ill
700 1 _aChrenovská, Agáta
_4trl
830 0 _aChalanom stále vstup zakázaný!
910 _apppk
910 _apokpoh
910 _asvkbb
910 _attkjf
910 _avthk
910 _abjkdg
910 _asnk
910 _atotk
910 _asllk
910 _ahevk
910 _asavuk
942 _2ddc
_cKLDE
_n0
949 _64710710719
_astrmkM
_bstrmk2011/10719
949 _617A0720063
_asnkSD 80477/1
_bsnk2011/20455
_o2127/11
949 _617A0720064
_asnkSD 80477/1 D1
_bsnk2011/20456
_o2127/11
949 _6270001000385406
_asvkbbA 132414
_bsvkbbm 720906
949 _62889177473
_asavukPV 15708
_bsavuk2011/5511
949 _6273K0551055
_asvkpoA 214822
_bsvkpo553438
980 _a821.112.2(436)-32
999 _c22001
_d22001